Aplicación de las técnicas y estrategias de acompañamiento para el mejoramiento de la calidad de la enseñanza en la Escuela Divina Providencia. (Record no. 1620)

MARC details
000 -LEADER
campo de control de longitud fija 02763nam a2200577Ia 4500
001 - NÚMERO DE CONTROL
campo de control 1733
008 - DATOS DE LONGITUD FIJA--INFORMACIÓN GENERAL
campo de control de longitud fija 241029s9999 xx 000 0 und d
010 ## - NÚMERO DE CONTROL DE LA BIBLIOTECA DEL CONGRESO
Número de control de LC 1620
041 ## - CÓDIGO DE IDIOMA
Código de lengua del texto/banda sonora o título independiente Español
082 ## - NÚMERO DE LA CLASIFICACIÓN DECIMAL DEWEY
Número de clasificación T 370, 099, 2007
245 #0 - MENCIÓN DEL TÍTULO
Título Aplicación de las técnicas y estrategias de acompañamiento para el mejoramiento de la calidad de la enseñanza en la Escuela Divina Providencia.
260 ## - PUBLICACIÓN, DISTRIBUCIÓN, ETC.
Lugar de publicación, distribución, etc. San Pedro de Macorís
300 ## - DESCRIPCIÓN FÍSICA
Extensión 53
520 ## - RESUMEN, ETC.
Sumario, etc. 20
520 ## - RESUMEN, ETC.
Sumario, etc. El objetivo principal de este estudio consistió en analizar las técnicas y estrategias de la supervisión en el mejoramiento de la calidad de la enseñanza en la Escuela Divina Providencia del Nivel Básico, del Municipio Consuelo.La metodología fue de corte descriptiva y se fundamentó en el método deductivo. El instrumento utilizado para recolectar los datos lo constituyó una entrevista y una encuesta dirigida a los/as maestros/as. La población objeto de estudio estuvo compuesta por cuarenta y dos (42) maestros/as, de la cual fue seleccionado el 34%, equivalente a catorce (14) maestro/as. Esta fue tomada de forma aleatoria.Los análisis realizados indican que la Escuela cuenta con un Comité de Gestión, el cual acompaña a los/as maestros/as y les ayuda a mejorar el proceso de enseñanza-aprendizaje de los/as alumnos/as. Según la investigación la Escuela Divina Providencia está realizando el trabajo de acompañamiento de forma satisfactoria.El estudio recomienda, supervisar mediante un plan estratégico, la mejoría de la calidad de la enseñanza en los centros educativos constantemente. A los directores de los centros educativos, usar técnicas y estrategias adecuadas para lograr un aprendizaje de calidad.
630 ## - PUNTO DE ACCESO ADICIONAL DE MATERIA--TÍTULO UNIFORME
Título uniforme Acompañamiento
630 ## - PUNTO DE ACCESO ADICIONAL DE MATERIA--TÍTULO UNIFORME
Título uniforme Calidad
630 ## - PUNTO DE ACCESO ADICIONAL DE MATERIA--TÍTULO UNIFORME
Título uniforme Enseñanza
630 ## - PUNTO DE ACCESO ADICIONAL DE MATERIA--TÍTULO UNIFORME
Título uniforme Estrategia
630 ## - PUNTO DE ACCESO ADICIONAL DE MATERIA--TÍTULO UNIFORME
Título uniforme Mejoramiento
650 ## - PUNTO DE ACCESO ADICIONAL DE MATERIA--TÉRMINO DE MATERIA
Término de materia o nombre geográfico como elemento de entrada Calidad Educativa
690 ## - PUNTO DE ACCESO ADICIONAL DE MATERIA LOCAL--TÉRMINO DE MATERIA (OCLC, RLIN)
Término de materia o nombre geográfico como elemento inicial Elaborado
700 ## - ENTRADA AGREGADA--NOMBRE PERSONAL
Término indicativo de función/relación asesor
Nombre de persona Basora, Olga
700 ## - ENTRADA AGREGADA--NOMBRE PERSONAL
Término indicativo de función/relación autor
Nombre de persona Ozoria, Norma Celeste
700 ## - ENTRADA AGREGADA--NOMBRE PERSONAL
Término indicativo de función/relación autor
Nombre de persona Castro Valdéz, Tanya Raquel
901 ## - ELEMENTOS DE DATOS A LOCAL LDA (RLIN)
a {"1":"Ozoria","2":"Castro Valdéz"}
b {"1":"Norma Celeste","2":"Tanya Raquel"}
902 ## - ELEMENTOS DE DATOS B LOCAL, LDB (RLIN)
a 1
903 ## - ELEMENTOS DE DATOS C LOCAL, LDC (RLIN)
a {"1":"Basora"}
b {"1":"Olga "}
904 ## - ELEMENTOS DE DATOS D LOCAL, LDD (RLIN)
a Magíster en
905 ## - ELEMENTOS DE DATOS E LOCAL, LDE (RLIN)
a Educación
906 ## - ELEMENTOS DE DATOS F LOCAL, LDF (RLIN)
a 1
907 ## - ELEMENTOS DE DATOS G LOCAL, LDG (RLIN)
a Mención en
908 ## - COLOCAR PARÁMETRO DE COMANDO (RLIN)
Colocar parámetro de comando Gestión
909 ## -
-- Universidad Central del Este (UCE)
910 ## - DATOS DE OPCIÓN DEL USUARIO (OCLC)
Datos de opción del usuario NULL
-- NULL
911 ## - EQUIVALENCIA O REFERENCIA-CRUZADA-NOMBRE DE CONFERENCIA O REUNIÓN/CONGRESO [LOCAL, CANADÁ]
Nombre de congreso/reunión o jurisdicción como elemento de entrada ["1"]
912 ## -
-- NO APLICA
913 ## -
-- NULL
914 ## -
-- 01 de Agosto de 2007
915 ## -
-- 12/11/19 10:11
916 ## -
-- NULL
917 ## -
-- NULL
918 ## -
-- NO APLICA
919 ## -
-- ["1","28","202","92","215"]
921 ## -
-- 2
922 ## -
-- 2
923 ## -
-- 0
924 ## -
-- NO APLICA
942 ## - ELEMENTOS DE ENTRADA SECUNDARIOS (KOHA)
Tipo de ítem Koha

No items available.

© 2024. Todos los Derechos Reservados. Desarrollado por IDEICE